Etudes relatives a l'art des constructions (Record no. 114194)
[ view plain ]
| 000 -LEADER | |
|---|---|
| fixed length control field | 00561cam a22001815a 4500 |
| 001 - CONTROL NUMBER | |
| control field | L156344 |
| 008 - FIXED-LENGTH DATA ELEMENTS--GENERAL INFORMATION | |
| fixed length control field | 120514m18231828fr f 000 0 eng d |
| 035 ## - SYSTEM CONTROL NUMBER | |
| System control number | (Sirsi) u156344 |
| 041 0# - LANGUAGE CODE | |
| Language code of text/sound track or separate title | fre |
| 100 1# - MAIN ENTRY--PERSONAL NAME | |
| Personal name | Bruyere, L. |
| Fuller form of name | (Louis) |
| Dates associated with a name | 1758-1831 |
| 245 00 - TITLE STATEMENT | |
| Title | Etudes relatives a l'art des constructions |
| Statement of responsibility, etc. | recueillies par L. Bruyere |
| 260 ## - PUBLICATION, DISTRIBUTION, ETC. | |
| Place of publication, distribution, etc. | Paris |
| Name of publisher, distributor, etc. | Chez Bance Aine |
| Date of publication, distribution, etc. | 1823-1828 |
| 300 ## - PHYSICAL DESCRIPTION | |
| Extent | 2 v. |
| Other physical details | ill., maps, plans |
| Dimensions | 54 cm. |
| 583 0# - ACTION NOTE | |
| Action | Condition reviewed |
| Time/date of action | 20120620 |
| Status | condition level 4 |
| 651 #4 - SUBJECT ADDED ENTRY--GEOGRAPHIC NAME | |
| Geographic name | France |
| 690 ## - LOCAL SUBJECT ADDED ENTRY--TOPICAL TERM (OCLC, RLIN) | |
| Topical term or geographic name as entry element | Design and specification |
| 942 ## - ADDED ENTRY ELEMENTS (KOHA) | |
| Suppress in OPAC | 0 |
| Withdrawn status | Lost status | Source of classification or shelving scheme | Damaged status | Not for loan | Home library | Current library | Shelving location | Date acquired | Total Checkouts | Full call number | Barcode | Date last seen | Copy number | Price effective from | Koha item type |
|---|---|---|---|---|---|---|---|---|---|---|---|---|---|---|---|
| Dewey Decimal Classification | Historic collection | Historic collection | Historic collection | 14/05/2012 | FOLIO 1823 BRUYERE | 30075959 | 06/08/2019 | 1 | 06/08/2019 | Book |